000
00279nam a2200121Ia 4500
008
190216s9999||||xx |||||||||||||| ||und||
100
_a
Null
245
0
_a
Hindi-Samakalik Prashnadyay Darshan
260
_b
Pragathi Prakashan
300
_a
596
650
_a
Hindi
942
_c
BK
999
_c
15661
_d
15661